000 00353nam a22001577a 4500
003 SGT
020 _a9780198816317
082 _a616.025
_bO20W
100 _aWYATT, JONATHAN P.
245 _aOXFORD HB. OF EMERGENCY MEDICINE
250 _a5TH
260 _aUK
_bOXFORD PUB
_c2020
300 _a779
650 _aEMERGENCY MEDICINE
942 _2ddc
_cBK
999 _c30860
_d30860